000 00947nmc a2200349 a 4500
003 AR-BaBNM
005 20251128205724.0
008 038019s1994 ||||||||||||||000 | spa||
020 _a84-7754-126-4
040 _cAR-BaBNM
100 1 _aFolguera, Pilar
245 1 0 _aCómo se hace historia oral
250 _a1ª ed.
260 _aMadrid
_bEudema
_c1994
300 0 _a96 p.
_btablas
490 0 _aHistoria. perfiles
500 0 _aIndice alfabético p. 94-96
504 _aBibliografía para consultar p. 92-93
650 4 _aHISTORIOGRAFIA
650 4 _aHISTORIA ORAL
650 4 _aMETODO HISTORICO
650 4 _aMETODOS DE INVESTIGACION
650 4 _aTECNICAS DE INVESTIGACION
650 4 _aMETODOS DE ENSENANZA
650 4 _aMETODOS DE APRENDIZAJE
650 4 _aHISTORIADORES
650 4 _aANALISIS HISTORICO
650 4 _aMETODO HISTORICO
650 4 _aINVESTIGACION HISTORICA
942 _cBK
998 _cMariana
999 _c12551
_d12551